[Event "?"]
[Site "?"]
[Date "2013.07.20"]
[Round "3.28"]
[White "Schröter, Sophie"]
[Black "Smets, Heike"]
[Result "1-0"]
[WhiteElo "988"]
[BlackElo "1445"]
[PlyCount "133"]
[EventDate "2013.??.??"]
[WhiteTeam "SG Porz e.V."]
[BlackTeam "vereinslos"]

1. e4 e5 2. Nf3 d6 3. Nc3 Nf6 4. d4 Bg4 5. dxe5 Bxf3 6. gxf3 dxe5 7. Qxd8+ Kxd8
8. Bg5 Be7 9. O-O-O+ Ke8 10. Bc4 Nc6 11. Bxf6 Bxf6 12. Nd5 Bg5+ 13. Kb1 Rc8 14.
Rhg1 f6 15. Ne3 Nd4 16. Rg3 Rd8 17. c3 b5 18. cxd4 bxc4 19. Nxc4 Kf7 20. Rgg1
Rxd4 21. Rxd4 exd4 22. Rd1 c5 23. Nd6+ Ke6 24. Nb7 Rc8 25. Kc2 Bf4 26. h3 Bc7
27. Nxc5+ Kf7 28. Kd3 Bb6 29. Na4 Rb8 30. Rc1 Ba5 31. b3 Rd8 32. Rc4 Be1 33.
Ke2 Ba5 34. b4 d3+ 35. Kd2 Bb6 36. Nxb6 axb6 37. Rc7+ Kg6 38. Rb7 Ra8 39. Kxd3
Rxa2 40. Ke3 Rb2 41. Rxb6 Kg5 42. Rb7 Rb3+ 43. Ke2 Kh6 44. b5 g5 45. Rb8 Kh5
46. Rf8 Rxb5 47. Rxf6 Re5 48. Kf1 Rc5 49. Kg2 Re5 50. Kg3 h6 51. f4 Rxe4 52.
fxg5 hxg5 53. f3 Ra4 54. Rf5 Kg6 55. Re5 Rf4 56. Re4 Kf5 57. Re8 Kg6 58. Re1
Kf5 59. Rh1 Rh4 60. Kf2 Kf4 61. Ke2 Kg3 62. Rg1+ Kf4 63. Rg4+ Rxg4 64. hxg4 Kg3
65. Ke3 Kh4 66. Ke4 Kg3 67. Kf5 1-0

[Event "?"]
[Site "?"]
[Date "2013.07.22"]
[Round "4.1"]
[White "Sewald, Richard"]
[Black "Sewald, Kathrin"]
[Result "0-1"]
[WhiteElo "1301"]
[BlackElo "1395"]
[PlyCount "126"]
[EventDate "2013.??.??"]
[WhiteTeam "SG Porz e.V."]
[BlackTeam "SG Porz e.V."]

1. e4 g6 2. d4 b6 3. Nc3 e6 4. Nf3 d6 5. d5 e5 6. Bb5+ Nd7 7. Bc6 Rb8 8. Nb5 a6
9. Na7 Bb7 10. Bxb7 Rxb7 11. Nc6 Qa8 12. O-O Ne7 13. c3 h6 14. b4 Nf6 15. Nxe7
Bxe7 16. Qa4+ b5 17. Qc2 Qc8 18. c4 Qd7 19. cxb5 axb5 20. Re1 g5 21. a4 Ra7 22.
a5 g4 23. Nh4 Nxd5 24. exd5 Bxh4 25. g3 Be7 26. Be3 Ra6 27. Rac1 Bd8 28. Qd2 f5
29. Bxh6 Qh7 30. Be3 Qxh2+ 31. Kf1 Qh1+ 32. Ke2 Qf3+ 33. Kd3 Qxd5+ 34. Ke2
Qxd2+ 35. Kxd2 Kd7 36. Rh1 Rxh1 37. Rxh1 c5 38. bxc5 Bxa5+ 39. Kc2 dxc5 40.
Bxc5 Rc6 41. Rh7+ Kc8 42. Rh8+ Kb7 43. Rh7+ Bc7 44. Kb3 Rxc5 45. Kb4 Rc2 46.
Kb3 Rxf2 47. Rf7 f4 48. gxf4 exf4 49. Rg7 g3 50. Rg6 g2 51. Rg7 f3 52. Kc3 Rf1
53. Kd3 g1=Q 54. Rxg1 Rxg1 55. Ke3 Rg3 56. Kf2 Rh3 57. Kf1 Bb6 58. Ke1 f2+ 59.
Kf1 Rh1+ 60. Ke2 f1=Q+ 61. Kd2 Qf3 62. Kc2 Rh2+ 63. Kc1 Qf1# 0-1

[Event "?"]
[Site "?"]
[Date "2013.07.22"]
[Round "4.3"]
[White "Havenith, Michael"]
[Black "Eichhorn, Mike"]
[Result "1-0"]
[WhiteElo "1667"]
[BlackElo "1354"]
[PlyCount "47"]
[EventDate "2013.??.??"]
[WhiteTeam "SV Würselen 1926 e.V."]
[BlackTeam "VfB Schach Leipzig e.V."]

1. c4 c6 2. Nf3 Nf6 3. b3 d5 4. Bb2 Bf5 5. e3 Nbd7 6. Be2 h6 7. O-O Qc7 8. d4
e6 9. Nc3 Rc8 10. Rc1 Qb8 11. Bd3 Bxd3 12. Qxd3 Bd6 13. Rfe1 O-O 14. e4 e5 15.
cxd5 exd4 16. Qxd4 Bc5 17. Qd2 Ng4 18. Nd1 cxd5 19. exd5 Ngf6 20. h3 Nxd5 21.
Rxc5 Rxc5 22. Qd4 N7f6 23. Qxc5 Rc8 24. Qd4 1-0

[Event "?"]
[Site "?"]
[Date "2013.07.22"]
[Round "4.4"]
[White "Reinartz, Ulrich"]
[Black "Baltic, Fatih"]
[Result "0-1"]
[WhiteElo "1676"]
[BlackElo "1591"]
[PlyCount "168"]
[EventDate "2013.??.??"]
[WhiteTeam "vereinslos"]
[BlackTeam "DJK Aufwärts St. Josef Aachen 19"]

1. e4 c5 2. c3 e6 3. d4 d5 4. exd5 Qxd5 5. Nf3 Nc6 6. Be2 Nf6 7. O-O Be7 8. Be3
cxd4 9. cxd4 O-O 10. Nc3 Qd8 11. Rc1 a6 12. a3 Bd7 13. d5 exd5 14. Nxd5 Nxd5
15. Qxd5 Be6 16. Qe4 Bd5 17. Qc2 Qc8 18. Rfd1 Qe6 19. Bc4 Bxc4 20. Qxc4 Qxc4
21. Rxc4 Rfd8 22. Rdc1 Bf6 23. R4c2 Rd7 24. Kf1 Re8 25. b4 g6 26. Nd2 Rd3 27.
Ra2 Bg7 28. Ke2 Rd7 29. Nb3 f5 30. Kf1 Bf8 31. Nc5 Bxc5 32. Bxc5 Rd3 33. a4 Rb3
34. g3 Nxb4 35. Bxb4 Rxb4 36. Rc7 Rf8 37. Rd2 Rf7 38. Rd8+ Kg7 39. Rdd7 Rxd7
40. Rxd7+ Kg8 41. a5 Rb5 42. Kg2 Rxa5 43. Rxb7 Ra2 44. Kf3 a5 45. h4 a4 46. Kf4
Rxf2+ 47. Kg5 Rc2 48. Ra7 Rc4 49. Kf6 Rc6+ 50. Kg5 a3 51. Rxa3 Rc7 52. Kf6 Rf7+
53. Kg5 Kg7 54. Ra6 h6+ 55. Kf4 Re7 56. Ra4 Kf6 57. Ra6+ Re6 58. Ra4 g5+ 59.
hxg5+ hxg5+ 60. Kf3 g4+ 61. Kf4 Kg6 62. Rc4 Kf6 63. Ra4 Re1 64. Ra6+ Re6 65.
Ra4 Rb6 66. Rc4 Ke6 67. Ra4 Kf6 68. Rc4 Kg6 69. Ra4 Rb3 70. Ra6+ Kh5 71. Kxf5
Rxg3 72. Ra8 Rf3+ 73. Ke4 Kh4 74. Rh8+ Kg3 75. Rg8 Kh3 76. Rh8+ Kg2 77. Rg8 g3
78. Rh8 Rb3 79. Rf8 Kg1 80. Rg8 g2 81. Rg5 Kh2 82. Rh5+ Rh3 83. Rxh3+ Kxh3 84.
Kf3 Kh2 0-1

[Event "?"]
[Site "?"]
[Date "2013.07.22"]
[Round "4.5"]
[White "Herms, Stefan"]
[Black "Rebischke, Florian"]
[Result "0-1"]
[WhiteElo "1710"]
[BlackElo "1440"]
[PlyCount "80"]
[EventDate "2013.??.??"]
[WhiteTeam "SC Erkrath 1973"]
[BlackTeam "SF Köln-Mülheim e.V."]

1. e4 d5 2. exd5 Nf6 3. Bb5+ Bd7 4. Be2 Nxd5 5. Nf3 g6 6. d4 Bg7 7. c4 Nf6 8.
O-O O-O 9. Nc3 Bg4 10. Be3 c6 11. Qb3 Qc7 12. Rad1 Nbd7 13. h3 Bxf3 14. Bxf3
Rfe8 15. g3 Nb6 16. Bf4 Qc8 17. Kh2 e6 18. a4 h5 19. a5 Nbd7 20. Rfe1 Kh7 21.
Qc2 Bh6 22. Bxh6 Kxh6 23. b4 Qc7 24. Bg2 Rac8 25. f4 h4 26. Qf2 hxg3+ 27. Qxg3
Nh5 28. Qg5+ Kg7 29. Rf1 Qd8 30. Qxd8 Rcxd8 31. Ne4 Re7 32. c5 Ndf6 33. Nd6 a6
34. Rde1 Ne8 35. f5 Nxd6 36. cxd6 Rxd6 37. fxg6 fxg6 38. Re4 Nf6 39. Ref4 Nd5
40. Rg4 Ne3 0-1

[Event "?"]
[Site "?"]
[Date "2013.07.22"]
[Round "4.6"]
[White "Biermann, Lenhard"]
[Black "Kronseder, Michael"]
[Result "1/2-1/2"]
[WhiteElo "1160"]
[BlackElo "1689"]
[PlyCount "101"]
[EventDate "2013.??.??"]
[WhiteTeam "TuS Ende 1892 e.V."]
[BlackTeam "SV 1925 Hürth-Berrenra"]

1. d4 d5 2. c4 dxc4 3. e3 e5 4. Bxc4 exd4 5. exd4 Bb4+ 6. Nc3 Nf6 7. Nf3 O-O 8.
O-O Bxc3 9. bxc3 Nd5 10. Ba3 Re8 11. Ne5 Be6 12. Bxd5 Qxd5 13. c4 Qa5 14. Qf3
Nd7 15. Nxd7 Bxd7 16. Bb2 Qb6 17. Qb3 Qg6 18. Kh1 Re2 19. Bc1 Rae8 20. Qf3 Rc2
21. Qg3 Qxg3 22. hxg3 Ree2 23. Be3 Rxa2 24. Rxa2 Rxa2 25. Rb1 b6 26. c5 Bf5 27.
Re1 Be6 28. Bf4 c6 29. Bc7 bxc5 30. f4 g6 31. dxc5 h5 32. Rb1 f6 33. Bd6 Bd5
34. Rg1 a5 35. Bc7 a4 36. Ba5 Ra3 37. Kh2 Rb3 38. Ra1 a3 39. Ra2 Rxg3 40. Kxg3
Bxa2 41. Bb4 Kf7 42. Bxa3 Ke6 43. Kf2 Kd5 44. Ke3 Kc4 45. Bb2 Kxc5 46. Bxf6 Bd5
47. g3 Be6 48. Kd3 Kd5 49. Kc3 c5 50. Be7 c4 51. Bf6 1/2-1/2

[Event "?"]
[Site "?"]
[Date "2013.07.22"]
[Round "4.7"]
[White "Kürten, Lothar"]
[Black "Hertling, Jürgen"]
[Result "1/2-1/2"]
[WhiteElo "1653"]
[BlackElo "1415"]
[PlyCount "96"]
[EventDate "2013.??.??"]
[WhiteTeam "SF Köln-Longerich 195"]
[BlackTeam "SF Köln-Mülheim e.V."]

1. e4 e5 2. Nf3 Nc6 3. d4 exd4 4. c3 dxc3 5. Nxc3 Be7 6. Bc4 Na5 7. Bxf7+ Kxf7
8. Qd5+ Ke8 9. Ne5 Nh6 10. Bxh6 Rf8 11. Bxg7 c6 12. Qd1 Bf6 13. Qh5+ Ke7 14.
Bxf8+ Qxf8 15. Qxh7+ Kd8 16. Qf7 Qd6 17. Nc4 Nxc4 18. Qxc4 b5 19. Qg8+ Kc7 20.
Rc1 Bxc3+ 21. bxc3 Qe7 22. O-O Bb7 23. Qg3+ d6 24. Rfe1 Qe6 25. e5 d5 26. Qg7+
Kb6 27. Qf6 Qxf6 28. exf6 Rf8 29. g4 Rxf6 30. g5 Rf5 31. h4 Rf4 32. Re3 Rxh4
33. Rg3 c5 34. f3 d4 35. cxd4 Rxd4 36. g6 Bxf3 37. g7 Bd5 38. Rg6+ Ka5 39. g8=Q
Bxg8 40. Rxg8 c4 41. Kf1 Rd2 42. a3 Rd3 43. Ra1 Ka4 44. Ra8 a5 45. Ke2 Rh3 46.
Kd2 Rh2+ 47. Kc3 Rh3+ 48. Kc2 Rh2+ 1/2-1/2

[Event "?"]
[Site "?"]
[Date "2013.07.22"]
[Round "4.8"]
[White "Sewald, Jörg"]
[Black "Hiendl, Robert"]
[Result "1-0"]
[WhiteElo "1481"]
[BlackElo "1638"]
[PlyCount "59"]
[EventDate "2013.??.??"]
[WhiteTeam "SF Esch e.V."]
[BlackTeam "SF Lohmar 1974 e.V."]

1. g3 e5 2. b3 d5 3. Bb2 Nc6 4. Bg2 Nf6 5. e3 Be7 6. Ne2 O-O 7. a3 Bg4 8. h3
Bh5 9. g4 Bg6 10. d3 e4 11. Nf4 exd3 12. Nxg6 fxg6 13. Qxd3 Qd6 14. Bxf6 Bxf6
15. Qxd5+ Kh8 16. Qxd6 cxd6 17. c3 Rac8 18. Ra2 b6 19. Rc2 Ne5 20. Ke2 Nf7 21.
Rd1 Rc7 22. Bd5 Rd8 23. c4 b5 24. Rcd2 bxc4 25. Bxc4 h5 26. f4 hxg4 27. hxg4 g5
28. f5 g6 29. fxg6 Ne5 30. Rh1+ 1-0

[Event "?"]
[Site "?"]
[Date "2013.07.22"]
[Round "4.9"]
[White "Hiendl, David"]
[Black "Mersch, Peter Daniel"]
[Result "1-0"]
[WhiteElo "1603"]
[BlackElo "1330"]
[PlyCount "55"]
[EventDate "2013.??.??"]
[WhiteTeam "SF Lohmar 1974 e.V."]
[BlackTeam "Klub Kölner SF e.V. 1"]

1. e4 e5 2. Nf3 Nc6 3. Bc4 Bc5 4. c3 Nf6 5. Ng5 O-O 6. b4 Bb6 7. d3 d6 8. a4 a5
9. b5 Ne7 10. Qb3 d5 11. exd5 Nexd5 12. O-O h6 13. Nf3 Re8 14. Re1 Qd6 15. Nbd2
Bf5 16. Ne4 Qd7 17. Nxf6+ Nxf6 18. Nxe5 Kh7 19. Ba3 Qd8 20. Bxf7 Bxf2+ 21. Kxf2
Ng4+ 22. Nxg4 Qh4+ 23. g3 Qxg4 24. Bxe8 Qh3 25. Kg1 Rd8 26. d4 h5 27. Qf7 Kh6
28. Bc1+ 1-0

[Event "?"]
[Site "?"]
[Date "2013.07.22"]
[Round "4.10"]
[White "Petersohn, Sadko"]
[Black "Rokitta, Norbert"]
[Result "0-1"]
[WhiteElo "1078"]
[BlackElo "1583"]
[PlyCount "112"]
[EventDate "2013.??.??"]
[WhiteTeam "VfB Schach Leipzig e.V."]
[BlackTeam "SF Lohmar 1974 e.V."]

1. d4 d5 2. c4 e5 3. g3 dxc4 4. d5 Nf6 5. Bg2 Bd6 6. Qa4+ Nbd7 7. Nd2 O-O 8.
Qxc4 Nb6 9. Qd3 Nfd7 10. Ngf3 f5 11. e4 Nc5 12. Qc2 fxe4 13. Nxe4 Bf5 14. Nh4
Bxe4 15. Bxe4 Nxe4 16. Qxe4 Bc5 17. Be3 Bxe3 18. fxe3 Nxd5 19. Rd1 c6 20. Ng2
Qa5+ 21. Rd2 Nf6 22. Qc4+ Kh8 23. b4 Qb6 24. O-O Nd5 25. Rxf8+ Rxf8 26. Rf2
Rxf2 27. Kxf2 Qxb4 28. Qxb4 Nxb4 29. a3 Nc2 30. a4 b5 31. axb5 cxb5 32. Ke2 b4
33. Kd3 Na3 34. Ne1 Kg8 35. Nc2 Nxc2 36. Kxc2 a5 37. Kb3 Kf7 38. e4 Ke6 39. h3
Kd6 40. Kc4 Kc6 41. g4 g5 42. Kb3 Kc5 43. Kb2 Kc4 44. Ka2 a4 45. Kb2 b3 46. Kb1
Kc3 47. Ka1 b2+ 48. Kb1 a3 49. h4 a2+ 50. Kxa2 Kc2 51. Ka3 b1=Q 52. Ka4 Kc3 53.
Ka5 Kc4 54. Ka6 Kc5 55. Ka7 Kc6 56. Ka8 Qb7# 0-1

[Event "?"]
[Site "?"]
[Date "2013.07.22"]
[Round "4.12"]
[White "Johnen, Franz"]
[Black "Biermann, Florian"]
[Result "1/2-1/2"]
[WhiteElo "1565"]
[BlackElo "1290"]
[PlyCount "106"]
[EventDate "2013.??.??"]
[WhiteTeam "SVigung 1928 Alsdorf e"]
[BlackTeam "TuS Ende 1892 e.V."]

1. d4 Nf6 2. c4 g6 3. Nf3 Bg7 4. e3 d6 5. Be2 O-O 6. O-O Nbd7 7. Nc3 e5 8. d5
Nc5 9. b4 Nce4 10. Nxe4 Nxe4 11. Bb2 b6 12. Rc1 Ng5 13. Nd2 f5 14. f4 Nf7 15.
Qc2 Ba6 16. Nb3 Qe7 17. Rf3 Rae8 18. g3 Nh6 19. c5 Bxe2 20. Qxe2 exf4 21. Bxg7
Kxg7 22. cxb6 cxb6 23. gxf4 Qe4 24. Rc7+ Rf7 25. Qb2+ Kg8 26. Rxf7 Kxf7 27. Rh3
Re7 28. Rxh6 Qxe3+ 29. Qf2 Qxf2+ 30. Kxf2 Kg7 31. Rh4 Rc7 32. Nd4 Rc4 33. Ne6+
Kg8 34. Rh3 Rxb4 35. Ra3 a5 36. Rb3 Rxb3 37. axb3 Kf7 38. Ke3 Kf6 39. Kd4 h6
40. h4 b5 41. Nc7 a4 42. bxa4 bxa4 43. Nb5 g5 44. hxg5+ hxg5 45. fxg5+ Kxg5 46.
Nxd6 a3 47. Kc3 a2 48. Kb2 a1=Q+ 49. Kxa1 Kf6 50. Nc4 f4 51. Kb2 f3 52. Kc2 f2
53. Ne3 Ke5 1/2-1/2

[Event "?"]
[Site "?"]
[Date "2013.07.22"]
[Round "4.13"]
[White "Plitt, Stefan"]
[Black "Pohl, Stefan"]
[Result "1/2-1/2"]
[WhiteElo "1664"]
[BlackElo "1363"]
[PlyCount "80"]
[EventDate "2013.??.??"]
[WhiteTeam "SV Grünfeld e.V."]
[BlackTeam "Klub Kölner SF e.V. 1"]

1. d4 d5 2. c4 c6 3. Nc3 e6 4. Nf3 Nf6 5. Bg5 Nbd7 6. cxd5 exd5 7. e3 Be7 8. a4
Qa5 9. Bd3 h6 10. Bh4 O-O 11. O-O Re8 12. Nd2 Ne4 13. Bxe7 Nxc3 14. Qc2 Ne2+
15. Bxe2 Rxe7 16. Qc3 Qc7 17. a5 Nf6 18. Bd3 Bg4 19. a6 b6 20. h3 Bh5 21. Rfc1
Rc8 22. Bf5 Nd7 23. Qd3 Qd6 24. g4 Bg6 25. Bxg6 Qxg6 26. Qxg6 fxg6 27. b4 c5
28. dxc5 bxc5 29. Ra5 c4 30. Rxd5 Nb6 31. Rc5 Rec7 32. Rxc7 Rxc7 33. Ne4 Nd5
34. b5 c3 35. Kf1 c2 36. Ke2 Nb4 37. Kd2 Re7 38. Nc3 Rd7+ 39. Ke2 Rc7 40. Kd2
Rd7+ 1/2-1/2

[Event "?"]
[Site "?"]
[Date "2013.07.22"]
[Round "4.14"]
[White "Knütter, Helmut"]
[Black "Krug, Franz-Dieter"]
[Result "1-0"]
[WhiteElo "1714"]
[BlackElo "1443"]
[PlyCount "87"]
[EventDate "2013.??.??"]
[WhiteTeam "SK Sülz-Klettenberg"]
[BlackTeam "SVigung 1928 Alsdorf e"]

1. e4 e5 2. Nf3 d6 3. d4 exd4 4. Nxd4 Nd7 5. Nc3 Ngf6 6. Bg5 Be7 7. Nf5 O-O 8.
Qd2 Ne5 9. Nxe7+ Qxe7 10. Nd5 Qd8 11. Nxf6+ gxf6 12. Bh6 Re8 13. f3 Ng6 14.
O-O-O Be6 15. Kb1 Qd7 16. Qd4 Qe7 17. g4 Ne5 18. Be2 Rad8 19. f4 c5 20. Qg1 Nc6
21. f5 Bc8 22. g5 Kh8 23. gxf6 Qxf6 24. Bg5 Qg7 25. Bxd8 Qxg1 26. Rhxg1 Rxd8
27. c3 Re8 28. Bd3 Ne5 29. Bc2 Rd8 30. Rg3 Rg8 31. Rdg1 Rxg3 32. Rxg3 h6 33. b3
Kh7 34. h3 Bd7 35. c4 b5 36. cxb5 Bxb5 37. Kb2 a5 38. Kc3 Nc6 39. Bd3 Bxd3 40.
Rxd3 Nd4 41. Kc4 Kg7 42. Kd5 Nb5 43. a4 Nc7+ 44. Kxd6 1-0

[Event "?"]
[Site "?"]
[Date "2013.07.22"]
[Round "4.15"]
[White "Kühlwein, Ralf"]
[Black "Hoferichter, Michael"]
[Result "1/2-1/2"]
[WhiteElo "1553"]
[BlackElo "1269"]
[PlyCount "53"]
[EventDate "2013.??.??"]
[WhiteTeam "Klub Kölner SF e.V. 1"]
[BlackTeam "Klub Kölner SF e.V. 1"]

1. d4 f5 2. c4 Nf6 3. Nc3 e6 4. Bg5 Be7 5. Nf3 O-O 6. g3 Ne4 7. Bxe7 Qxe7 8.
Qc2 Nxc3 9. bxc3 b6 10. Bg2 Bb7 11. O-O d6 12. Rad1 Nd7 13. Rfe1 Nf6 14. Nd2
Bxg2 15. Kxg2 Qf7 16. f3 h5 17. e4 fxe4 18. Nxe4 Qg6 19. Qe2 Rae8 20. Nxf6+
Qxf6 21. Rd3 Re7 22. Re3 Rfe8 23. f4 Qf5 24. d5 Kf7 25. h3 g6 26. Re4 Qf6 27.
Qe3 1/2-1/2

[Event "?"]
[Site "?"]
[Date "2013.07.22"]
[Round "4.16"]
[White "Breuer, Achim"]
[Black "Reiter, Ute"]
[Result "1-0"]
[WhiteElo "1473"]
[BlackElo "1179"]
[PlyCount "43"]
[EventDate "2013.??.??"]
[WhiteTeam "SV Bayer Dormagen 47"]
[BlackTeam "Brühler SK 1920 e.V."]

1. d4 d5 2. c4 dxc4 3. e4 e6 4. Bxc4 Nf6 5. Bg5 Be7 6. Nc3 O-O 7. Nf3 Re8 8.
O-O b6 9. Qc2 Bb7 10. Bd3 h6 11. Bf4 Nh5 12. Be3 Bd6 13. Be2 Nf4 14. Bc4 Ng6
15. Rad1 Nh4 16. Ne5 Bxe5 17. dxe5 Nd7 18. Qe2 Ng6 19. f4 Qe7 20. Rf3 f5 21.
Rg3 Ndf8 22. exf5 1-0

[Event "?"]
[Site "?"]
[Date "2013.07.22"]
[Round "4.17"]
[White "Havenith, Julia"]
[Black "Jansen, Kurt"]
[Result "1-0"]
[WhiteElo "1407"]
[BlackElo "1460"]
[PlyCount "120"]
[EventDate "2013.??.??"]
[WhiteTeam "SV Würselen 1926 e.V."]
[BlackTeam "SK Sülz-Klettenberg"]

1. e4 e6 2. d4 d5 3. Nd2 c5 4. exd5 Qxd5 5. Bb5+ Bd7 6. Bxd7+ Nxd7 7. Ndf3 Ngf6
8. Ne2 cxd4 9. Nexd4 e5 10. Qe2 Be7 11. Nf5 Bf8 12. Bf4 g6 13. Ng3 Bg7 14. O-O
O-O 15. Rfd1 Qc5 16. Bg5 Rac8 17. c3 Rfe8 18. Ne4 Nxe4 19. Qxe4 Qc7 20. Ne1 Nc5
21. Qc2 Ne6 22. Be3 Qc6 23. Nd3 a5 24. Rac1 b5 25. Qb3 Qc4 26. Qxc4 bxc4 27.
Ne1 e4 28. Rd5 Ra8 29. Nc2 Reb8 30. Na3 Rxb2 31. Nxc4 Rxa2 32. Kf1 Ra4 33. Nb6
Ra3 34. Nxa8 Bxc3 35. Rb5 Kg7 36. Bc5 Nxc5 37. Rxc5 Bd4 38. R5c4 Bb2 39. Rb1
Bc3 40. Rxe4 Bb4 41. Nb6 Ra2 42. Rc4 Bd2 43. Ra4 Rc2 44. Nc4 Bb4 45. Nxa5 Bc5
46. Rf4 f5 47. Nb7 Be7 48. h4 Kh6 49. Re1 Rc7 50. Rb1 Kg7 51. Na5 Rc5 52. Nc4
g5 53. hxg5 Bxg5 54. Rd4 Rc7 55. Nd6 Ra7 56. Rb7+ Rxb7 57. Nxb7 Kf6 58. f4 Bh6
59. Rd6+ Kg7 60. g3 Bxf4 1-0

[Event "?"]
[Site "?"]
[Date "2013.07.22"]
[Round "4.18"]
[White "Schumacher, Markus"]
[Black "Beißel, Daniel"]
[Result "0-1"]
[WhiteElo "1283"]
[BlackElo "1615"]
[PlyCount "80"]
[EventDate "2013.??.??"]
[WhiteTeam "Godesberger SK 1929 e.V."]
[BlackTeam "SV Horrem 1948"]

1. e4 e5 2. Nf3 Nc6 3. Bb5 a6 4. Ba4 Nf6 5. d3 b5 6. Bb3 h6 7. c3 d5 8. exd5
Nxd5 9. h3 Bc5 10. Qe2 O-O 11. O-O Re8 12. Qe4 Be6 13. Nxe5 Nxe5 14. Qxe5 Bd6
15. Qh5 c5 16. Nd2 Nf4 17. Qf3 Nxd3 18. Ne4 c4 19. Nxd6 Qxd6 20. Bc2 Bd5 21.
Qg3 Qxg3 22. fxg3 Re2 23. Bxd3 Rxg2+ 24. Kh1 Rxb2+ 25. Kg1 Rg2+ 26. Kh1 Rxa2+
27. Kg1 Rxa1 28. Be2 Re8 29. Kf2 Ra2 30. Re1 Re6 31. Be3 Rc2 32. Rd1 Rxc3 33.
Bf4 Rc2 34. Be3 Be4 35. Rd8+ Kh7 36. Bd4 Bd3 37. Rd7 Rcxe2+ 38. Kf3 Re7 39. Rd8
Re8 40. Rd7 R2e7 0-1

[Event "?"]
[Site "?"]
[Date "2013.07.22"]
[Round "4.19"]
[White "Klein, Markus"]
[Black "Medvedev, Alexander"]
[Result "0-1"]
[WhiteElo "1355"]
[BlackElo "1580"]
[PlyCount "134"]
[EventDate "2013.??.??"]
[WhiteTeam "SK Sülz-Klettenberg"]
[BlackTeam "Düsseldorfer SV 1854"]

1. e4 c5 2. Nc3 Nc6 3. d3 g6 4. Rb1 Bg7 5. Bd2 e6 6. Be2 a6 7. a3 b5 8. Bf3 Bb7
9. Nce2 Nge7 10. Qc1 O-O 11. Bh6 Rb8 12. Qd2 d5 13. Bxg7 Kxg7 14. Qe3 Kg8 15.
Qxc5 dxe4 16. Bxe4 Rc8 17. Qe3 Qc7 18. Nf3 Na5 19. c3 Bxe4 20. Qxe4 Rfd8 21. d4
Nc4 22. O-O a5 23. Rfd1 b4 24. axb4 axb4 25. Rdc1 Nd6 26. Qh4 Nef5 27. Qf4 Qb6
28. h3 Rc7 29. g4 Ne7 30. h4 Nd5 31. Qd2 Rdc8 32. h5 bxc3 33. bxc3 Nc4 34. Qe1
Qd6 35. Ng3 Qf4 36. Nh2 gxh5 37. Nxh5 Qg5 38. Qd1 f5 39. f3 Nce3 40. Qe2 Nxc3
41. Rxc3 Rxc3 42. Qa2 Rc1+ 43. Nf1 Nd5 44. Qa6 R1c6 45. Qe2 fxg4 46. fxg4 Nf4
47. Qe3 Qxg4+ 48. Nfg3 Nxh5 49. Kf2 Qxg3+ 50. Qxg3+ Nxg3 51. Kxg3 Rd6 52. Kf4
Rxd4+ 53. Ke5 Ra4 54. Kxe6 Ra6+ 55. Kd7 Rc2 56. Rg1+ Kf7 57. Rf1+ Kg6 58. Rg1+
Kf5 59. Rf1+ Kg4 60. Ke7 h5 61. Rg1+ Kh3 62. Kf7 h4 63. Rg8 Kh2 64. Rg5 h3 65.
Rg8 Kh1 66. Rg5 Rg2 67. Rb5 Ra1 0-1

[Event "?"]
[Site "?"]
[Date "2013.07.22"]
[Round "4.20"]
[White "Dijkhuis, Oele"]
[Black "Gail, Edgar"]
[Result "0-1"]
[WhiteElo "1343"]
[BlackElo "1554"]
[PlyCount "128"]
[EventDate "2013.??.??"]
[WhiteTeam "Schaakclub Utrecht (NL)"]
[BlackTeam "Klub Kölner SF e.V. 1"]

1. e4 c5 2. Nf3 Nc6 3. d4 cxd4 4. Nxd4 Nf6 5. Nc3 e5 6. Ndb5 d6 7. Bg5 a6 8.
Bxf6 gxf6 9. Na3 b5 10. Nd5 f5 11. Bd3 Be6 12. Ne3 f4 13. Nd5 Bxd5 14. exd5 Ne7
15. Nxb5 Qa5+ 16. Nc3 Nxd5 17. Bb5+ axb5 18. Qxd5 Rc8 19. O-O Rc5 20. Qe4 b4
21. Ne2 Be7 22. a3 Qc7 23. axb4 Rxc2 24. Ra8+ Bd8 25. Nxf4 Rc4 26. Nd5 Rxe4 27.
Nxc7+ Kd7 28. Nd5 Rd4 29. Nb6+ Kc6 30. Na4 Rxb4 31. Ra1 Bf6 32. Rc1+ Kd7 33.
Ra7+ Ke6 34. Ra6 Rd8 35. Nc5+ Kf5 36. Nd3 Rb3 37. Rd1 d5 38. f3 e4 39. g4+ Kg5
40. f4+ Kxg4 41. Nc5 Rb5 42. Rxf6 Rxc5 43. Rxf7 d4 44. b4 Rb5 45. Rxh7 Kxf4 46.
Rf1+ Ke3 47. Re7 Kd3 48. Rd1+ Ke2 49. Rb1 e3 50. Rb2+ Kd3 51. Kf1 Kc3 52. Rb1
Kc2 53. Re1 Rxb4 54. Rc7+ Kd2 55. Re2+ Kd3 56. Rc1 Rf8+ 57. Ke1 Ke4 58. Rg2 d3
59. Rg4+ Rf4 60. Rxf4+ Kxf4 61. Kd1 Rb2 62. Rc4+ Kf3 63. Rc1 e2+ 64. Ke1 d2#
0-1

[Event "?"]
[Site "?"]
[Date "2013.07.22"]
[Round "4.21"]
[White "Yon, Gregory"]
[Black "Schröter, Heinz-Jürgen"]
[Result "1-0"]
[WhiteElo "1523"]
[BlackElo "1160"]
[PlyCount "49"]
[EventDate "2013.??.??"]
[WhiteTeam "Turnerschaft Bergisch Gladbach 1"]
[BlackTeam "SV Horrem 1948"]

1. c4 e5 2. g3 Bc5 3. Nc3 Nf6 4. Bg2 Nc6 5. Nf3 d6 6. d3 Ng4 7. e3 Bb4 8. Bd2
Bxc3 9. Bxc3 O-O 10. O-O a5 11. a3 Bf5 12. h3 Nf6 13. e4 Be6 14. Ne1 Qd7 15.
Kh2 Rad8 16. b3 b6 17. Nc2 h6 18. f4 exf4 19. Rxf4 Ne5 20. Ne3 g5 21. Rxf6 g4
22. h4 Kg7 23. Rf2 f5 24. d4 fxe4 25. Rxf8 1-0

[Event "?"]
[Site "?"]
[Date "2013.07.22"]
[Round "4.22"]
[White "Oerder, Timon"]
[Black "Lennartz, Ludwig"]
[Result "1-0"]
[WhiteElo "1323"]
[BlackElo "1512"]
[PlyCount "64"]
[EventDate "2013.??.??"]
[WhiteTeam "SV Fideler Bauer Lever"]
[BlackTeam "DJK Arminia Eilendorf 1919 e.V."]

1. d4 Nf6 2. c4 g6 3. Nc3 d6 4. Nf3 Bg7 5. Bg5 O-O 6. e4 Nbd7 7. Be2 c6 8. O-O
Qe8 9. Qd2 e5 10. Bd3 exd4 11. Nxd4 Nc5 12. Rfe1 Ng4 13. Bc2 Qe5 14. Nf3 Qe6
15. h3 Ne5 16. Qe2 Nxf3+ 17. Qxf3 Qxc4 18. Be7 Re8 19. Bxd6 Ne6 20. Bb3 Qd4 21.
e5 Qf4 22. Qd3 Qg5 23. Re4 Nf4 24. Qf3 Bh6 25. Kf1 Bf5 26. Rb4 Bd3+ 27. Kg1 Qf5
28. g4 Ne2+ 29. Qxe2 Bxe2 30. gxf5 Ba6 31. f6 Rad8 32. Rd1 Bf4 1-0

[Event "?"]
[Site "?"]
[Date "2013.07.22"]
[Round "4.23"]
[White "Wilde, Christian"]
[Black "Masalsky, Boris"]
[Result "0-1"]
[WhiteElo "1223"]
[BlackElo "1475"]
[PlyCount "92"]
[EventDate "2013.??.??"]
[WhiteTeam "SF Köln-Longerich 195"]
[BlackTeam "LSV Turm Lippstadt"]

1. c4 c5 2. Nc3 Nc6 3. g3 d6 4. e3 e6 5. Bg2 Nf6 6. Nge2 Be7 7. d4 cxd4 8. Nxd4
Bd7 9. a3 Rb8 10. O-O O-O 11. b4 Ne5 12. Ne4 Nxc4 13. Nd2 Ne5 14. N2f3 Nxf3+
15. Bxf3 d5 16. Bg2 Qc7 17. Bd2 Rfc8 18. Rc1 Qd8 19. Rxc8 Rxc8 20. Re1 b6 21.
b5 Bxa3 22. Qa1 Qe7 23. Bc1 Rxc1 24. Rxc1 Bxc1 25. Nc6 Bxc6 26. bxc6 Qc5 27.
Qa4 b5 28. Qa6 Ne8 29. Qc8 Kf8 30. Bh3 Qd6 31. Bf1 b4 32. Bb5 Qc7 33. Qb7 b3
34. Bd3 b2 35. Qb4+ Nd6 36. Bxh7 Qxc6 37. Qb8+ Ke7 38. Qxa7+ Qb7 39. Qd4 b1=Q
40. Bxb1 Qxb1 41. Qh4+ f6 42. Qa4 Bxe3+ 43. Kg2 Qb2 44. Qc6 Qxf2+ 45. Kh3 Qf1+
46. Kg4 Qf5+ 0-1

[Event "?"]
[Site "?"]
[Date "2013.07.22"]
[Round "4.25"]
[White "Müller, Adrian"]
[Black "Vjazner, Lilian"]
[Result "1-0"]
[WhiteElo "1382"]
[BlackElo "1310"]
[PlyCount "103"]
[EventDate "2013.??.??"]
[WhiteTeam "SV Fideler Bauer Lever"]
[BlackTeam "Klub Kölner SF e.V. 1"]

1. e4 e5 2. Nf3 Nf6 3. Nxe5 d6 4. Nf3 Nxe4 5. d4 d5 6. c4 c6 7. Bd3 Bf5 8. O-O
Be7 9. Qb3 b6 10. Bf4 O-O 11. Re1 Bg6 12. Nbd2 f5 13. Ne5 Rf6 14. f3 Nxd2 15.
Bxd2 Qd6 16. Bf4 Qd8 17. cxd5 cxd5 18. Nxg6 hxg6 19. Rxe7 Qxe7 20. Qxd5+ Re6
21. Bc4 Nc6 22. Qxe6+ Qxe6 23. Bxe6+ Kf8 24. Bd5 Rc8 25. Rc1 Ne7 26. Rxc8+ Nxc8
27. Bb8 g5 28. Be6 Ne7 29. Bd6 f4 30. Bxe7+ Kxe7 31. d5 a5 32. Kf2 Kd6 33. g3
g6 34. gxf4 gxf4 35. h4 Ke5 36. Kg2 Kd6 37. Kh3 Ke7 38. Kg4 Kf6 39. Kxf4 Ke7
40. Ke5 b5 41. d6+ Kd8 42. Kf6 b4 43. d7 a4 44. b3 axb3 45. axb3 g5 46. hxg5
Kc7 47. Ke7 Kc6 48. d8=Q Kb7 49. Qd6 Ka7 50. Qxb4 Ka6 51. Bd5 Ka7 52. Qb7# 1-0